Premier League Team Nicknames 2018/19 - Statistics

General Stats
  • This quiz has been taken 247 times
    238 since last reset
  • The average score is 12 of 20
Answer Stats
Team Nickname % Correct
Arsenal Gunners
95%
Manchester United Red Devils
82%
Chelsea Blues
78%
Liverpool Reds
78%
Tottenham Spurs
77%
Wolverhampton Wanderers Wolves
76%
Leicester City Foxes
75%
West Ham United Hammers
75%
Brighton Seagulls
67%
Bournemouth Cherries
65%
Everton Toffees
65%
Crystal Palace Eagles
63%
Newcastle United Magpies
58%
Southampton The Saints
55%
Watford Hornets
47%
Burnley Clarets
44%
Fulham Cottagers
37%
Cardiff City Bluebirds
34%
Huddersfield Terriers
31%
Manchester City Sky Blues
29%
No matching quizzes found
Score Distribution
Percent of People with Each Score
Percentile by Number Answered
Your Score History
You have not taken this quiz since the last reset